Find out Solar System (Record no. 11593)
[ view plain ]
| 000 -LEADER | |
|---|---|
| fixed length control field | 00264nam a22000977a 4500 |
| 008 - FIXED-LENGTH DATA ELEMENTS--GENERAL INFORMATION | |
| fixed length control field | 190801b ||||| |||| 00| 0 eng d |
| 020 ## - INTERNATIONAL STANDARD BOOK NUMBER | |
| International Standard Book Number | 9780241365748 |
| 100 ## - MAIN ENTRY--PERSONAL NAME | |
| Personal name | Cruddas Sarah |
| 9 (RLIN) | 7302 |
| 245 ## - TITLE STATEMENT | |
| Title | Find out Solar System |
| 260 ## - PUBLICATION, DISTRIBUTION, ETC. (IMPRINT) | |
| Place of publication, distribution, etc. | London |
| Name of publisher, distributor, etc. | Penguin Random House |
| Date of publication, distribution, etc. | 2018 |
| Withdrawn status | Lost status | Source of classification or shelving scheme | Damaged status | Koha normalized classification for sorting | Not for loan | Home library | Current library | Shelving location | Date acquired | Total Checkouts | Full call number | Barcode | Date last seen | Price effective from | Koha item type |
|---|---|---|---|---|---|---|---|---|---|---|---|---|---|---|---|
| Dewey Decimal Classification | 500_000000000000000 | Good Samaritan School Library | Good Samaritan School Library | Science | 08/01/2019 | 500 | CRU15525 | 08/01/2019 | 08/01/2019 | BOOK | |||||
| Dewey Decimal Classification | 500_000000000000000 | Good Samaritan School Library | Good Samaritan School Library | Science | 08/01/2019 | 500 | CRU15526 | 08/01/2019 | 08/01/2019 | BOOK | |||||
| Dewey Decimal Classification | 500_000000000000000 | Good Samaritan School Library | Good Samaritan School Library | Science | 08/01/2019 | 500 | CRU15527 | 08/01/2019 | 08/01/2019 | BOOK | |||||
| Dewey Decimal Classification | 500_000000000000000 | Good Samaritan School Library | Good Samaritan School Library | Science | 08/01/2019 | 500 | CRU15528 | 08/01/2019 | 08/01/2019 | BOOK | |||||
| Dewey Decimal Classification | 500_000000000000000 | Good Samaritan School Library | Good Samaritan School Library | Science | 08/01/2019 | 500 | CRU15529 | 08/01/2019 | 08/01/2019 | BOOK | |||||
| Dewey Decimal Classification | 500_000000000000000 | Good Samaritan School Library | Good Samaritan School Library | Science | 08/01/2019 | 500 | CRU15530 | 08/01/2019 | 08/01/2019 | BOOK | |||||
| Dewey Decimal Classification | 500_000000000000000 | Good Samaritan School Library | Good Samaritan School Library | Science | 08/01/2019 | 500 | CRU15531 | 08/01/2019 | 08/01/2019 | BOOK |